La piel del cielo / (Registro nro. 10697)

Detalles MARC
000 -LIDER
fixed length control field 01078cam a2200373 i 4500
001 - NÚMERO DE CONTROL
Identificador de número de control 0000478
003 - IDENTIFICACDOR DE NÚMERO DE CONTROL
control field DO-SdBNP
005 - DATE AND TIME OF LATEST TRANSACTION
control field 20171116105000.0
007 - CAMPOS FIJOS DE DESCRIPCIÓN FÍSICA
fixed length control field 0000478
008 - ELEMENTOS DE LONGITUD FIJA
fixed length control field 100514s 2006 mx a | |||| 000 f spa
015 ## - NÚMERO DENTRO DE LA BIBLIOGRAFÍA NACIONAL
National bibliography number
017 ## - NÚMERO DE REGISTRO DE DERECHOS DE AUTOR
Copyright or legal deposit number
Assigning agency
020 ## - ISBN
International Standard Book Number 9789707311190
035 ## - NÚMERO LOCAL
System control number
040 ## - FUENTE DE CATALOGACIÓN
Agencia que crea de manera original el registro BPMSU
Idioma de catalogación spa
Agencia que realiza la transcripción BPMSU
Convenciones de la despripción
080 ## - NÚMERO DE CLASIFICACIÓN DECIMAL UNIVERSAL
Universal Decimal Classification number
082 #4 - NÚMERO DE CLASIFICACIÓN DECIMAL DE DEWEY
Classification number M863.44
Item number P797p
100 1# - ASIENTO PRINCIPAL -- NOMBRE PERSONAL
Nombre personal Poniatowska, Elena
Fechas asociadas con el nombre 1932-
245 13 - MENCIÓN DE TITULO
Título La piel del cielo /
Mención de responsabilidad Elena Poniatowska
250 ## - MENCIÓN DE EDICION
Mención de edición 5a. reimpresión
260 ## - PUBLICACIÓN, DISTRIBUCIÓN, ETC. (PIE DE IMPRENTA)
Lugar de publicación, distribución, etc México:
Nombre del editor, distribuidor, etc. Santillana ediciones generales,
Fecha de publicación, distribución, etc 2006.
Impresor 2010.
300 ## - DESCRIPCIÓN FÍSICA
Extensión 452 p.:
Dimensiones 19 cm
490 1# - MENCIÓN DE SERIES
Mención de serie Punto de lectura
Volume/sequential designation 97 / 1
500 ## - NOTA GENERAL
Nota general Incluye datos biográficos del autor : p. 455
500 ## - NOTA GENERAL
Nota general La biblioteca posee la 5ta. reimpresión del 2010.
500 ## - NOTA GENERAL
Nota general Premio Alfaguara de novela
586 ## - AWARDS NOTE
Awards note Premio Alfaguara de novela 2001.
650 #4 - ENCABEZAMIENTO DE MATERIA--TEMÁTICO
Término temático o nombre geográfico como elemento de entrada NOVELA MEXICANA
650 #4 - ENCABEZAMIENTO DE MATERIA--TEMÁTICO
Término temático o nombre geográfico como elemento de entrada LITERATURA MEXICANA
830 #0 - ASIENTO SECUNDARIO DE SERIE--TÍTULO UNIFORME
Título uniforme Punto de lectura
Número de la parte o sección de una obra 97 / 1
942 ## - ADDED ENTRY ELEMENTS (KOHA)
Source of classification or shelving scheme Dewey Decimal Classification
Koha item type Libros
945 ## - INFORMACIÓN DE PROCESAMIENTO LOCAL
Información de procesamiento local Inventariado, 2017/MFF
956 ## - LOCAL ELECTRONIC LOCATION AND ACCESS (OCLC)
Nombre de host YLOCKWARD
Campo enlazado y núm. de secuencia 10
Información de compresión BPMSU
Existencias
Withdrawn status Lost status Source of classification or shelving scheme Damaged status Not for loan Collection code Home library Current library Date acquired Source of acquisition Total Checkouts Full call number Barcode Date last seen Price effective from Koha item type Copy number
    Dewey Decimal Classification     Colección General Biblioteca Pública Metropolitana Salomé Ureña Biblioteca Pública Metropolitana Salomé Ureña 07/05/2016 Alfaguara   M863.44 P797p BPMSU16070091 07/05/2016 07/05/2016 Libros  
    Dewey Decimal Classification     Colección General Biblioteca Pública Metropolitana Salomé Ureña Biblioteca Pública Metropolitana Salomé Ureña 07/05/2016 Alfaguara   M863.44 P797p BPMSU16070092 07/05/2016 07/05/2016 Libros e. 2
    Dewey Decimal Classification     Colección General Biblioteca Pública Metropolitana Salomé Ureña Biblioteca Pública Metropolitana Salomé Ureña 07/05/2016 Alfaguara   M863.44 P797p BPMSU16070093 07/05/2016 07/05/2016 Libros e. 3